Orte in Zeichentrickserien - Statistiken

Allgemein
  • Dieses Quiz wurde 1.118 mal gespielt
  • Das Durchschnittsergebnis liegt bei 6 aus 24
Antwortstatistiken
Ort Serie % Korrekt
Bikini Bottom SpongeBob Schwammkopf
97%
Springfield Die Simpsons
96%
Quahog Family Guy
58%
Lummerland Jim Knopf
41%
Steintal / Felsental Familie Feuerstein
40%
Langley Falls American Dad
36%
Dimmsdale Cosmo & Wanda – Wenn Elfen helfen
35%
Neu New York Futurama
35%
Danville Phineas und Ferb
22%
Middleton Kim Possible
21%
Sankt Erpelsburg Darkwing Duck
15%
Kap Suzette Käpt’n Balu und seine tollkühne Crew
12%
East Gackle Typisch Andy!
11%
Flake Wickie und die starken Männer
11%
Ooo Adventure Time – Abenteuerzeit mit Finn und Jake
10%
Amity Park Danny Phantom
9%
Townsville Powerpuff Girls
8%
Bluffington Doug
5%
Thalerwald / Weißhirschpark Als die Tiere den Wald verließen
4%
Highland, Texas Beavis & Butthead
4%
Orbit City Die Jetsons
3%
Mikropolis Der Wunschpunsch
2%
Arlen, Texas King of the Hill
2%
O-Town Rockos modernes Leben
2%
Keine übereinstimmenden Quizze gefunden
Verteilung der Resultate
Anzahl Personen mit jedem Resultat
Perzentil nach korrekt beantworteten Fragen
Ihre Resultats-Entwicklung
Sie haben dieses Quiz noch nicht gespielt